The Soviet Union.

Bibliographic Details
Corporate Authors: United States. Office of Strategic Services, United States. Department of State
Format: Book
Language:English
Published: Washington : University Publications of America, 1977.
Series:O.S.S./State Department intelligence and research reports ; pt. 6.
Subjects:

MARC

Tag First Indicator Second Indicator Subfields
LEADER 00000cam a2200000 i 4500
001 in00000724521
005 20151016082723.0
008 770919s1977 dcu a 00100 eng d
020 |a 0890931224 
035 |a (OCoLC)03276506 
035 |9 ADG6589AM 
040 |a DGW  |c DGW  |d TXA  |d UtOrBLW 
049 |a TXAI  |c 1 
099 |a film  |a B  |a 124 
245 0 4 |a The Soviet Union. 
264 1 |a Washington :  |b University Publications of America,  |c 1977. 
300 |a 8 reels ;  |c 35 mm. 
336 |a text  |b txt  |2 rdacontent 
337 |a microform  |b h  |2 rdamedia 
338 |a microfilm reel  |b hd  |2 rdacarrier 
490 1 |a O.S.S./State Department intelligence and research reports ;  |v  pt. 6 
500 |a Microfilm (positive) reproduction of Office of Strategic Studies/State Department intelligence reports on the Soviet Union, 1941-1949. 
500 |a Accompanying guide edited by Paul Kesaris, containing table of contents and subject index has call number: Micro D735.G8 pt. 6. 
500 |a Microform. 
651 0 |a Soviet Union  |x History  |y 1925-1953  |x Sources. 
710 1 |a United States.  |b Office of Strategic Services. 
710 1 |a United States.  |b Department of State. 
830 0 |a O.S.S./State Department intelligence and research reports ;  |v pt. 6. 
999 |a MARS 
999 f f |s eff68ca5-3246-3423-9498-765166b8c46a  |i a99aa491-932e-38d2-8968-bdd4a2fb0dcc  |t 0 
952 f f |p default  |a Texas A&M University  |b College Station  |c Sterling C. Evans Library  |d Evans: Microforms (3rd floor)  |t 0  |e film B 124  |h Other scheme  |i microform -- microfilm reel 
998 f f |a film B 124  |t 0  |l Evans: Microforms (3rd floor)